000 00266nam a22001097a 4500
008 170125b xxu||||| |||| 00| 0 eng d
020 _a084936664X
041 _aeng
080 _a61
245 _aMATHEMATICAL METHODS FOR DNA SEQUENCES
_cWATERMAN, M,S
942 _2udc
_cBK
999 _c3698
_d3698